000 00402nam a22001697a 4500
003 koha_MIRAKIL
005 20231213095545.0
008 231213b |||||||| |||| 00| 0 ||| d
040 _aTR-IsEVY
_btur
_cTR-IsEVY
082 _a910 SER/İ
100 _aSEROĞLU, MİDHAT.
245 0 _aİSTANBUL SOHBETLERİ.
260 _bBedir,
_c1992
300 _a284.
650 _aCoğrafya.
942 _2ddc
_cBK
999 _c5624
_d5624